000
00298nam a22001337a 4500
008
170927b xxu||||| |||| 00| 0 eng d
020
_a
9780826132734
041
_a
eng
080
_2
3RD
_a
37
100
_a
47
101
_a
EDU
245
_a
SUCCESSFUL GRANT WRITING
_c
GITLIN,L.N
942
_2
udc
_c
BK
999
_c
30209
_d
30209